Diseño de un plan estratégico para la Cooperativa de Transporte Parrales vallejo, R. L, para un periodo 2018-2022
Presenta la elaboración de un plan estratégico para la Cooperativa de Transporte Parrales Vallejos, para un periodo de 5 años, cuyo propósito es la de mejorar la gestión empresarial y brindar a los usuarios un servicio de calidad y calidez. El proceso del plan estratégico empieza con un análi...
| Main Authors: | , |
|---|---|
| Other Authors: | |
| Format: | Tesis Section = Libro |
| Language: | Undetermined Spanish |
| Published: |
Managua
UNI
2017
|
| Subjects: |
| LEADER | 01356nam a2200277Ia 4500 | ||
|---|---|---|---|
| 008 | 240830s9999 xx 000 0 und d | ||
| 040 | |a BIBLIOTECA-RUPAP Mon 658.4012 S237 | ||
| 041 | |a spa | ||
| 082 | |a Mon 658.4012 S237 | ||
| 100 | 1 | |a Santos Sánchez, Eddy Adán | |
| 100 | 1 | |b Solórzano Sánchez, Walter Alexis | |
| 245 | 1 | 0 | |a Diseño de un plan estratégico para la Cooperativa de Transporte Parrales vallejo, R. L, para un periodo 2018-2022 |
| 260 | |a Managua |b UNI |c 2017 | ||
| 300 | |a 151 p. :il. | ||
| 500 | |a Contiene: anexos y CD. | ||
| 502 | |a Tesis (Ingeniero de Sistemas)- UNI, 2017. | ||
| 520 | 3 | |a Presenta la elaboración de un plan estratégico para la Cooperativa de Transporte Parrales Vallejos, para un periodo de 5 años, cuyo propósito es la de mejorar la gestión empresarial y brindar a los usuarios un servicio de calidad y calidez. El proceso del plan estratégico empieza con un análisis de la cultura organizacional, se realizó un diagnóstico para determinar la situación actual, por medio del análisis FODA. | |
| 650 | 7 | |a PLANIFICACION EMPRESARIAL | |
| 650 | 7 | |b PLANEACION ESTRATEGICA-DISEÑO | |
| 650 | 7 | |c ANALISIS FODA PAGINA WEB-DISEÑO | |
| 650 | 7 | |d CLIENTES | |
| 650 | 7 | |e TOMA DECISION | |
| 700 | 1 | |a Tutor: |b Sánchez García, Marvin Rene | |
| 942 | |c BK |2 ddc | ||
| 991 | |a TESIS | ||
| 999 | |c 17222 | ||